| 000 | 00570nam a22001817a 4500 | ||
|---|---|---|---|
| 005 | 20251108165350.0 | ||
| 008 | 250721s9999 xx 000 0 ara d | ||
| 082 | 1 | 4 | _a962/بتل |
| 100 | 1 | _aبتلر، ألفرد . ج | |
| 245 | 1 | 0 | _aفتح العرب لمصر / |
| 264 | 1 |
_aالقاهرة : _bالمركز العربي للنشر و التوزيع، _c[19-]. |
|
| 300 | _a515ص | ||
| 650 | 1 | 7 | _aتاريخ مصر |
| 650 | 1 | 7 | _aالفتوحات الإسلامية |
| 700 | 1 |
_aأبو حديد، محمد فريد _eترجمة |
|
| 942 |
_2ddc _cBK |
||
| 999 |
_c26159 _d26159 |
||